[Event "Online Olym Div2 A"]
[Site "Chess.com INT"]
[Date "2020.08.16"]
[Round "8.6"]
[White "Lim, Cassandra"]
[Black "Schneider, Jana"]
[Result "1/2-1/2"]
[WhiteElo "1880"]
[BlackElo "2272"]
[PlyCount "131"]
[EventDate "2020.08.14"]
[EventType "team-tourn (rapid)"]
[EventRounds "9"]
[EventCountry "USA"]
[SourceTitle "CBM 198"]
[Source "ChessBase"]
[SourceDate "2020.10.31"]
[SourceVersion "1"]
[SourceVersionDate "2020.10.31"]
[SourceQuality "1"]
[WhiteTeam "Australia"]
[BlackTeam "Germany"]
[WhiteTeamCountry "AUS"]
[BlackTeamCountry "GER"]

1. d4 Nf6 2. c4 e6 3. Nc3 Bb4 4. e3 0-0 5. Nge2 Re8 6. a3 Bf8 7. Ng3 d5 8. Bd3 b6 9. 0-0 Bb7 10. Re1 Nbd7 11. e4 dxe4 12. Ncxe4 c5 13. Be3 Rc8 14. Rc1 Nxe4 15. Nxe4 cxd4 16. Bxd4 Nc5 17. Bxc5 Bxc5 18. b4 Bf8 19. Qe2 Qh4 20. Red1 Red8 21. Ng3 Ba6 22. b5 Bb7 23. a4 Bc5 24. Qh5 Qxh5 25. Nxh5 Rd6 26. Be2 Rcd8 27. Ng3 f5 28. Rxd6 Bxd6 29. Rd1 Kf7 30. Bd3 g6 31. Ne2 Bc5 32. Nc3 Ke7 33. Kf1 Bb4 34. Na2 Bd6 35. h3 Bc5 36. f3 Rd7 37. Bc2 Rc7 38. Bd3 Bd6 39. Ke2 Rc5 40. Nc1 Re5+ 41. Kf1 Rc5 42. Nb3 Rc7 43. Re1 Bb4 44. Re2 Rd7 45. Bc2 Kf6 46. Kf2 e5 47. Nc1 Rd2 48. Rxd2 Bxd2 49. Nb3 Bb4 50. Ke3 Ke6 51. Bd3 Kd6 52. Bc2 Bc8 53. Bd3 Be6 54. Be2 Bf7 55. Bd3 Bc5+ 56. Ke2 e4 57. Nxc5 exd3+ 58. Nxd3 Bxc4 59. Ke3 Bxd3 60. Kxd3 Kd5 61. f4 Kc5 62. Kc3 Kd5 63. Kd3 h6 64. h4 h5 65. g3 Kc5 66. Kc3 1/2-1/2

[Event "Oceania-ch U20 Girls"]
[Site "Auckland"]
[Date "2019.01.12"]
[Round "9"]
[White "Yuan, Kimberley"]
[Black "Lim, Cassandra"]
[Result "0-1"]
[WhiteElo "1220"]
[BlackElo "1854"]
[PlyCount "110"]
[EventDate "2019.01.08"]
[EventType "swiss"]
[EventRounds "9"]
[EventCountry "NZL"]
[SourceTitle "EXT 2021"]
[Source "ChessBase"]
[SourceDate "2020.10.23"]
[SourceVersion "1"]
[SourceVersionDate "2020.10.23"]
[SourceQuality "1"]

1. c4 e5 2. Nc3 Bb4 3. Nd5 Bc5 4. d3 c6 5. Nc3 Nf6 6. Nf3 d6 7. g3 Ng4 8. e3 Nf6 9. Bg2 Bg4 10. 0-0 0-0 11. Na4 Bb6 12. Nxb6 Qxb6 13. a3 Re8 14. b4 d5 15. Qc2 a5 16. Bd2 axb4 17. axb4 Nbd7 18. Bc3 Rac8 19. Qb2 Qc7 20. Rfc1 Qd6 21. Qd2 Qe6 22. Bb2 Rcd8 23. c5 Bxf3 24. Bxf3 e4 25. Bg2 exd3 26. Qxd3 Ne5 27. Qe2 Qf5 28. Qc2 Qg4 29. Bxe5 Rxe5 30. Qb2 Ree8 31. b5 Rb8 32. Rcb1 Nd7 33. Qd4 Qe6 34. Ra7 Rec8 35. e4 dxe4 36. bxc6 Qxc6 37. Qxe4 Qxe4 38. Bxe4 Nxc5 39. Bxb7 Rc7 40. Ra8 Rf8 41. Rxf8+ Kxf8 42. Rc1 g6 43. Kf1 Kg7 44. Ke2 Re7+ 45. Kf1 Nxb7 46. Re1 Rxe1+ 47. Kxe1 Kf6 48. Ke2 Kf5 49. h3 h5 50. Kf3 Nd6 51. g4+ hxg4+ 52. hxg4+ Kg5 53. Kg3 Ne4+ 54. Kf3 Nxf2 55. Kxf2 Kxg4 0-1

[Event "Oceania-ch U20 Girls"]
[Site "Auckland"]
[Date "2019.01.10"]
[Round "6"]
[White "Lim, Cassandra"]
[Black "Zhang, Jasmine Haomo"]
[Result "0-1"]
[WhiteElo "1854"]
[BlackElo "1883"]
[PlyCount "112"]
[EventDate "2019.01.08"]
[EventType "swiss"]
[EventRounds "9"]
[EventCountry "NZL"]
[SourceTitle "EXT 2021"]
[Source "ChessBase"]
[SourceDate "2020.10.23"]
[SourceVersion "1"]
[SourceVersionDate "2020.10.23"]
[SourceQuality "1"]

1. d4 d5 2. c4 e6 3. Nc3 Nf6 4. cxd5 exd5 5. Bg5 Be7 6. e3 c6 7. Bd3 0-0 8. Nf3 Nbd7 9. Qc2 Re8 10. 0-0 Nf8 11. h3 Ne4 12. Bf4 f5 13. Ne5 Bg5 14. Bh2 Qf6 15. b4 Nxc3 16. Qxc3 f4 17. exf4 Bxf4 18. Bxf4 Qxf4 19. b5 Ne6 20. Nf3 Bd7 21. bxc6 Bxc6 22. Rfd1 Rf8 23. Qd2 Qf6 24. Bc2 Rae8 25. Re1 Nf4 26. Rxe8 Bxe8 27. Qe3 Nxh3+ 28. Kh2 Nf4 29. Rh1 Bb5 30. g3 Ng6 31. Kg2 h6 32. Nh4 Nxh4+ 33. Rxh4 Qc6 34. Bb1 Qe8 35. Qc1 Qe2 36. Rf4 Rxf4 37. gxf4 Bc4 38. a3 h5 39. f5 h4 40. Qe3 Kf8 41. Qxe2 Bxe2 42. Kh3 Ke7 43. Kxh4 Kf6 44. Bc2 b5 45. f4 a5 46. Kg3 b4 47. axb4 axb4 48. Kf2 Bc4 49. Ke3 b3 50. Bb1 Bb5 51. Kd2 Bd7 52. Kc3 Bxf5 53. Bxf5 Kxf5 54. Kxb3 Kxf4 55. Kb4 Ke4 56. Kc5 g5 0-1

[Event "Australian op"]
[Site "Melbourne"]
[Date "2018.12.27"]
[Round "1"]
[White "Lim, Cassandra"]
[Black "Izzat, Kanan Azar"]
[Result "0-1"]
[WhiteElo "1843"]
[BlackElo "2496"]
[PlyCount "62"]
[EventDate "2018.12.27"]
[EventType "swiss"]
[EventRounds "9"]
[EventCountry "AUS"]
[SourceTitle "CBM 188 Extra"]
[Source "ChessBase"]
[SourceDate "2019.02.26"]
[SourceVersion "1"]
[SourceVersionDate "2019.02.26"]
[SourceQuality "1"]

1. d4 Nf6 2. c4 e6 3. Nc3 Bb4 4. e3 0-0 5. Nge2 c6 6. a3 Ba5 7. Ng3 d5 8. Bd3 Nbd7 9. 0-0 e5 10. cxd5 cxd5 11. Bc2 Re8 12. Bb3 Bxc3 13. bxc3 b6 14. Bb2 Ba6 15. Re1 Rc8 16. Rc1 Bc4 17. f3 e4 18. Bc2 Nf8 19. Ra1 Ng6 20. fxe4 dxe4 21. Qb1 Qd5 22. Bd1 Qg5 23. Qc2 Nh4 24. Qf2 Nd5 25. Rc1 Rc6 26. Nf1 Rg6 27. g3 Rf6 28. Qd2 Ree6 29. Rb1 Rf5 30. Qc1 Ref6 31. Nd2 Qxe3+ 0-1

[Event "Wch U18 Girls"]
[Site "Montevideo"]
[Date "2017.09.22"]
[Round "7"]
[White "Weber, Eduarda Pasqualoto"]
[Black "Lim, Cassandra"]
[Result "1/2-1/2"]
[WhiteElo "1829"]
[BlackElo "1759"]
[PlyCount "102"]
[EventDate "2017.09.17"]
[EventType "swiss"]
[EventRounds "11"]
[EventCountry "URU"]
[SourceTitle "CBM 180 Extra"]
[Source "ChessBase"]
[SourceDate "2017.10.06"]
[SourceVersion "1"]
[SourceVersionDate "2017.10.06"]
[SourceQuality "1"]

1. e4 e6 2. d4 d5 3. Nd2 Nf6 4. e5 Nfd7 5. Bd3 c5 6. c3 Nc6 7. Ne2 cxd4 8. cxd4 f6 9. exf6 Nxf6 10. 0-0 Bd6 11. Nf3 Qc7 12. Bg5 0-0 13. Bh4 Nh5 14. Nc3 a6 15. Ne2 Bd7 16. Rc1 Rac8 17. Qc2 h6 18. Bg6 Rxf3 19. gxf3 Bxh2+ 20. Kh1 Nf4 21. Nxf4 Qxf4 22. Bg3 Bxg3 23. fxg3 Qxg3 24. Qg2 Qxg2+ 25. Kxg2 Nxd4 26. Rxc8+ Bxc8 27. Rc1 Nc6 28. Be8 Ne7 29. Rc7 Kf8 30. Bd7 Bxd7 31. Rxd7 e5 32. Rxb7 e4 33. fxe4 dxe4 34. Rb6 Nf5 35. Rxa6 h5 36. Re6 e3 37. Re5 g6 38. Kf3 Kf7 39. Rxf5+ gxf5 40. Kxe3 h4 41. Kf4 Ke6 42. a4 Kd5 43. a5 Kc5 44. b4+ Kb5 45. Kf3 Ka6 46. Kf4 Kb5 47. Kf3 Ka6 48. Kg2 f4 49. Kh3 f3 50. Kh2 Kb5 51. Kh3 Ka6 1/2-1/2

[Event "Oceania zt 3.6 (Women)"]
[Site "Auckland"]
[Date "2017.01.17"]
[Round "6"]
[White "Lim, Cassandra"]
[Black "Braganza, Nadia"]
[Result "1-0"]
[WhiteElo "1711"]
[BlackElo "1489"]
[PlyCount "91"]
[EventDate "2017.01.14"]
[EventType "swiss"]
[EventRounds "9"]
[EventCountry "NZL"]
[SourceTitle "EXT 2018"]
[Source "ChessBase"]
[SourceDate "2017.10.13"]
[SourceVersion "1"]
[SourceVersionDate "2017.10.13"]
[SourceQuality "1"]

1. d4 Nf6 2. c4 g6 3. Nc3 Bg7 4. e4 d6 5. h3 0-0 6. Bg5 e5 7. dxe5 dxe5 8. Qxd8 Rxd8 9. Nd5 Nbd7 10. Rd1 Rf8 11. Nxc7 Rb8 12. Nf3 h6 13. Be3 b6 14. Bd3 Bb7 15. Nd5 Nxd5 16. exd5 Rfe8 17. Bc2 f5 18. 0-0 Nf6 19. Ba4 Red8 20. b4 Ne4 21. Rc1 Kh7 22. Rfd1 f4 23. Bd2 Nxd2 24. Rxd2 a6 25. Bb3 e4 26. Nd4 Bxd4 27. Rxd4 Re8 28. Re1 e3 29. fxe3 fxe3 30. Rd3 Re4 31. Rdxe3 Rxe3 32. Rxe3 Bc8 33. Re8 Kg7 34. d6 Bd7 35. Rxb8 Kf6 36. Rxb6 Ke5 37. c5 g5 38. c6 Kxd6 39. cxd7+ Kxd7 40. Rxh6 Kc7 41. Rxa6 Kd7 42. a4 Kc7 43. b5 Kb7 44. Bd5+ Kc7 45. b6+ Kb8 46. Ra8# 1-0

[Event "Oceania zt 3.6 (Women)"]
[Site "Auckland"]
[Date "2017.01.15"]
[Round "3"]
[White "Chen, Paula"]
[Black "Lim, Cassandra"]
[Result "0-1"]
[WhiteElo "1279"]
[BlackElo "1711"]
[PlyCount "58"]
[EventDate "2017.01.14"]
[EventType "swiss"]
[EventRounds "9"]
[EventCountry "NZL"]
[SourceTitle "EXT 2018"]
[Source "ChessBase"]
[SourceDate "2017.10.13"]
[SourceVersion "1"]
[SourceVersionDate "2017.10.13"]
[SourceQuality "1"]

1. d4 d5 2. Nf3 Nf6 3. e3 Bf5 4. Bd3 Bxd3 5. Qxd3 Nbd7 6. c4 c6 7. Nc3 e6 8. 0-0 Bd6 9. cxd5 exd5 10. Re1 0-0 11. Bd2 Re8 12. e4 dxe4 13. Nxe4 Nxe4 14. Rxe4 Rxe4 15. Qxe4 Nf6 16. Qe2 Qd7 17. Re1 Re8 18. Qd1 Rxe1+ 19. Qxe1 h6 20. h3 Qf5 21. Bc3 Kh7 22. a3 Nd5 23. Bd2 Bf4 24. Bxf4 Nxf4 25. Qd1 Qg6 26. Qf1 Nxh3+ 27. Kh1 Nf4 28. Ne1 Qh5+ 29. Kg1 Ne2+ 0-1

[Event "Wch U10 Girls"]
[Site "Durban"]
[Date "2014.09.27"]
[Round "9"]
[White "Czarnecka, Lidia"]
[Black "Lim, Cassandra"]
[Result "1/2-1/2"]
[WhiteElo "1457"]
[BlackElo "1431"]
[PlyCount "43"]
[EventDate "2014.09.20"]
[EventType "swiss"]
[EventRounds "11"]
[EventCountry "RSA"]
[SourceTitle "CBM 162 Extra"]
[Source "ChessBase"]
[SourceDate "2014.10.17"]
[SourceVersion "1"]
[SourceVersionDate "2014.10.17"]
[SourceQuality "1"]

1. e4 e6 2. d4 d5 3. Nd2 Nf6 4. Bd3 c5 5. e5 Nfd7 6. c3 Nc6 7. Ndf3 Qb6 8. Ne2 Be7 9. 0-0 0-0 10. Re1 Re8 11. Ng3 f6 12. exf6 Nxf6 13. Rb1 Kh8 14. Be3 c4 15. Bc2 Qc7 16. Qd2 Rf8 17. Bf4 Bd6 18. Bxd6 Qxd6 19. Ne5 b5 20. Re2 a5 21. a3 Rb8 22. Rbe1 1/2-1/2

[Event "Wch U10 Girls"]
[Site "Durban"]
[Date "2014.09.21"]
[Round "3"]
[White "Asadi, Motahare"]
[Black "Lim, Cassandra"]
[Result "1-0"]
[WhiteElo "1726"]
[BlackElo "1431"]
[PlyCount "115"]
[EventDate "2014.09.20"]
[EventType "swiss"]
[EventRounds "11"]
[EventCountry "RSA"]
[SourceTitle "CBM 162 Extra"]
[Source "ChessBase"]
[SourceDate "2014.10.17"]
[SourceVersion "1"]
[SourceVersionDate "2014.10.17"]
[SourceQuality "1"]

1. d4 d5 2. c4 c6 3. Nf3 Nf6 4. e3 Bf5 5. Nc3 e6 6. Bd3 Bxd3 7. Qxd3 Bd6 8. 0-0 0-0 9. b3 Nbd7 10. Bb2 Re8 11. Rfd1 Nf8 12. Rac1 Ng6 13. Rc2 Ne7 14. h3 c5 15. dxc5 Bxc5 16. cxd5 exd5 17. Nxd5 Qxd5 18. Qxd5 Nexd5 19. Rxc5 Rad8 20. Bxf6 Nxf6 21. Rxd8 Rxd8 22. Rc7 Rb8 23. Ne5 h6 24. Nxf7 Ne8 25. Rd7 a6 26. Rd8 Rxd8 27. Nxd8 b6 28. Kf1 Nd6 29. Ke2 Kf8 30. Nc6 Ke8 31. Kd3 a5 32. Ne5 Ke7 33. Nc4 Nc8 34. Kd4 Ke6 35. f4 g6 36. e4 h5 37. g4 hxg4 38. hxg4 Kf6 39. Kd5 Ne7+ 40. Kd6 Nc8+ 41. Kc7 Ne7 42. Nxb6 Ke6 43. f5+ gxf5 44. gxf5+ Kf6 45. Nd5+ Nxd5+ 46. exd5 Kxf5 47. d6 Ke4 48. d7 Ke5 49. d8Q Ke6 50. Qd4 Ke7 51. Qd5 Ke8 52. Qd6 Kf7 53. Kd7 Kg7 54. Qe6 Kh7 55. Ke7 Kg7 56. Qf6+ Kh7 57. Kf7 a4 58. Qg7# 1-0

[Event "Wch U10 Girls"]
[Site "Durban"]
[Date "2014.09.21"]
[Round "2"]
[White "Lim, Cassandra"]
[Black "Matus, Nastassja A"]
[Result "1-0"]
[WhiteElo "1431"]
[BlackElo "1758"]
[PlyCount "73"]
[EventDate "2014.09.20"]
[EventType "swiss"]
[EventRounds "11"]
[EventCountry "RSA"]
[SourceTitle "CBM 162 Extra"]
[Source "ChessBase"]
[SourceDate "2014.10.17"]
[SourceVersion "1"]
[SourceVersionDate "2014.10.17"]
[SourceQuality "1"]

1. d4 Nf6 2. c4 g6 3. Nc3 Bg7 4. e4 d6 5. h3 0-0 6. Bg5 h6 7. Bh4 Nbd7 8. Nf3 Re8 9. Bd3 g5 10. Bg3 Nh5 11. Bh2 Nf4 12. Bxf4 gxf4 13. Bc2 e5 14. d5 Kh8 15. Qe2 a5 16. Nb5 Nc5 17. 0-0-0 Bd7 18. Nc3 Rg8 19. Rdg1 Qe8 20. g4 Na6 21. a3 Nc5 22. g5 Qe7 23. Nh4 Rge8 24. Qh5 Qf8 25. Kd2 c6 26. Bd1 Rab8 27. Bg4 Rbc8 28. Bxd7 Nxd7 29. Nf5 Nb6 30. gxh6 Bf6 31. h7 Red8 32. Rg8+ Qxg8 33. hxg8Q+ Kxg8 34. Nh6+ Kg7 35. Rg1+ Bg5 36. Qxg5+ Kh7 37. Qg7# 1-0